[Event "Oberfranken-ch U18/U16"]
[Site "Schney"]
[Date "2020.01.04"]
[Round "3.4"]
[White "Stark, Patrick"]
[Black "Neef Steffens, Lucia"]
[Result "0-1"]
[WhiteElo "983"]
[BlackElo "1232"]
[PlyCount "38"]
[EventDate "2020.01.03"]
[EventType "swiss"]
[EventRounds "7"]
[EventCountry "GER"]
[SourceTitle "EXT 2024"]
[Source "ChessBase"]
[SourceDate "2023.10.10"]
[SourceVersion "1"]
[SourceVersionDate "2023.10.10"]
[SourceQuality "1"]

1. d4 d5 2. c4 dxc4 3. e4 Nc6 4. d5 Ne5 5. Bf4 Qd6 6. Bxc4 Qb4+ 7. Qd2 Qxc4 8. Bxe5 Qxe4+ 9. Qe2 Qxg2 10. Qf3 Qxf3 11. Nxf3 c6 12. Nc3 Nf6 13. dxc6 bxc6 14. 0-0-0 Bg4 15. Rd3 Nd5 16. Nxd5 cxd5 17. Nd4 Rc8+ 18. Kd2 f6 19. Bg3 e5 0-1

[Event "Oberfranken-ch U16"]
[Site "Schney"]
[Date "2019.01.06"]
[Round "7"]
[White "Neef Steffens, Lucia"]
[Black "Beetz, Robin"]
[Result "1-0"]
[WhiteElo "1155"]
[BlackElo "1471"]
[PlyCount "75"]
[EventDate "2019.01.03"]
[EventType "swiss"]
[EventRounds "7"]
[EventCountry "GER"]
[SourceTitle "EXT 2021"]
[Source "ChessBase"]
[SourceDate "2020.10.23"]
[SourceVersion "1"]
[SourceVersionDate "2020.10.23"]
[SourceQuality "1"]

1. e4 e5 2. Nf3 Nc6 3. Bc4 Bc5 4. d3 Nf6 5. Nc3 d6 6. Bg5 h6 7. Bxf6 Qxf6 8. Nd5 Qd8 9. h3 0-0 10. Qe2 Nb4 11. 0-0-0 Nxd5 12. Bxd5 c6 13. Bc4 b5 14. Bb3 a5 15. a3 a4 16. Ba2 Qb6 17. Rhf1 b4 18. axb4 Qxb4 19. Qd2 a3 20. Qxb4 Bxb4 21. c3 axb2+ 22. Kxb2 Bxc3+ 23. Kxc3 Rxa2 24. Ra1 Rxa1 25. Rxa1 Be6 26. Ra6 Rc8 27. d4 f6 28. g4 g5 29. Kd3 Kf7 30. Ra7+ Kg6 31. Re7 Ba2 32. h4 gxh4 33. Nxh4+ Kg5 34. Nf5 Bb1+ 35. Ke3 exd4+ 36. Kxd4 d5 37. Ke3 Bxe4 38. Rg7# 1-0

[Event "Oberfranken-ch U16"]
[Site "Schney"]
[Date "2019.01.03"]
[Round "1"]
[White "Neef Steffens, Lucia"]
[Black "Petzold, Annika"]
[Result "0-1"]
[WhiteElo "1155"]
[BlackElo "1503"]
[PlyCount "86"]
[EventDate "2019.01.03"]
[EventType "swiss"]
[EventRounds "7"]
[EventCountry "GER"]
[SourceTitle "EXT 2021"]
[Source "ChessBase"]
[SourceDate "2020.10.23"]
[SourceVersion "1"]
[SourceVersionDate "2020.10.23"]
[SourceQuality "1"]

1. e4 g6 2. Nf3 Bg7 3. Bc4 d6 4. h3 Nf6 5. Nc3 0-0 6. d3 c6 7. e5 dxe5 8. Nxe5 Nd5 9. Qe2 e6 10. 0-0 Nd7 11. d4 Nxe5 12. dxe5 Nxc3 13. bxc3 Qa5 14. Bd2 Bxe5 15. Qe3 Qc7 16. g3 b5 17. Rfe1 Bg7 18. Be2 Bb7 19. Qc5 Rfd8 20. Bf4 Qa5 21. Qb4 Bxc3 22. Qxa5 Bxa5 23. Red1 a6 24. Bg5 Rd5 25. Bf6 Rf5 26. Bd4 c5 27. g4 Rd5 28. Bf6 Bd8 29. Bb2 c4 30. Bc3 Bc7 31. a4 Rad8 32. axb5 axb5 33. Bf6 R8d7 34. Rxd5 exd5 35. Bf3 Bd8 36. g5 Bxf6 37. gxf6 Rd6 38. Rd1 Kf8 39. Rd4 Rxf6 40. Kg2 Ra6 41. Bxd5 Rd6 42. Bxb7 Rxd4 43. Ba6 b4 0-1

[Event "Oberfranken-ch"]
[Site "Schney"]
[Date "2018.01.04"]
[Round "3.4"]
[White "Gorka, Merle"]
[Black "Neef Steffens, Lucia"]
[Result "1-0"]
[WhiteElo "1241"]
[BlackElo "771"]
[PlyCount "55"]
[EventDate "2018.01.03"]
[EventType "swiss"]
[EventRounds "7"]
[EventCountry "GER"]
[SourceTitle "EXT 2022"]
[Source "ChessBase"]
[SourceDate "2021.10.06"]
[SourceVersion "1"]
[SourceVersionDate "2021.10.06"]
[SourceQuality "1"]

1. d4 d5 2. e3 Nc6 3. Bd3 Nf6 4. f4 Bg4 5. Nf3 e6 6. 0-0 Nb4 7. c3 Nxd3 8. Qxd3 Bd6 9. Ne5 0-0 10. Nxg4 Nxg4 11. Rf3 Qh4 12. h3 Nf6 13. Nd2 Qe1+ 14. Rf1 Qg3 15. Nf3 h6 16. Ne5 c6 17. Bd2 a6 18. Be1 Ne4 19. Bxg3 Nxg3 20. Rf3 Nf5 21. e4 Nh4 22. Rg3 f6 23. Ng6 Nxg6 24. Rxg6 Rae8 25. e5 fxe5 26. fxe5 Be7 27. Qg3 Rf7 28. Rxh6 1-0

[Event "Oberfranken-ch U14"]
[Site "Schney"]
[Date "2017.01.04"]
[Round "4.7"]
[White "Stark, Patrick"]
[Black "Neef Steffens, Lucia"]
[Result "1-0"]
[WhiteElo "776"]
[BlackElo "790"]
[PlyCount "103"]
[EventDate "2017.01.03"]
[EventType "swiss"]
[EventRounds "7"]
[EventCountry "GER"]
[SourceTitle "EXT 2024"]
[Source "ChessBase"]
[SourceDate "2023.10.10"]
[SourceVersion "1"]
[SourceVersionDate "2023.10.10"]
[SourceQuality "1"]

1. d4 d5 2. Nc3 Bf5 3. e3 Nc6 4. Bd3 e6 5. Bxf5 exf5 6. Qe2 Nf6 7. Nf3 Bb4 8. 0-0 0-0 9. a3 Bxc3 10. bxc3 Ne4 11. Bb2 Na5 12. Rab1 Nc4 13. Ba1 Nxa3 14. Rxb7 Qc8 15. Rb3 Nc4 16. Bb2 Rb8 17. Rb1 Rxb3 18. cxb3 Nxb2 19. Rxb2 Nxc3 20. Qc2 Ne4 21. Qc6 Rd8 22. Rc2 h6 23. Qxc7 Qa8 24. Rc6 Rc8 25. Qxc8+ Qxc8 26. Rxc8+ Kh7 27. Ne5 Nd6 28. Rc7 a5 29. Nxf7 Ne8 30. Ra7 Kg8 31. Ne5 Nd6 32. Rxa5 Nc8 33. Rxd5 Ne7 34. Rd8+ Kh7 35. b4 Ng8 36. b5 Ne7 37. b6 h5 38. b7 h4 39. b8Q Kh6 40. Nf7+ Kg6 41. Ne5+ Kh6 42. Rh8+ Kg5 43. Nf7+ Kg6 44. Rxh4 Kxf7 45. Qc7 Kf6 46. Qe5+ Kf7 47. d5 Ng6 48. Qc7+ Kf6 49. Ra4 Ne7 50. f4 Nxd5 51. Ra6+ Nb6 52. Rxb6# 1-0

[Event "Oberfranken-ch U14"]
[Site "Schney"]
[Date "2017.01.03"]
[Round "1.6"]
[White "Neef Steffens, Lucia"]
[Black "Von Deimling, Nicolas"]
[Result "0-1"]
[WhiteElo "790"]
[BlackElo "1138"]
[PlyCount "58"]
[EventDate "2017.01.03"]
[EventType "swiss"]
[EventRounds "7"]
[EventCountry "GER"]
[SourceTitle "EXT 2024"]
[Source "ChessBase"]
[SourceDate "2023.10.10"]
[SourceVersion "1"]
[SourceVersionDate "2023.10.10"]
[SourceQuality "1"]

1. e4 e5 2. Nf3 Nc6 3. Bc4 Bc5 4. d3 Nf6 5. Ng5 0-0 6. Nc3 Ne7 7. Nd5 Nexd5 8. Bxd5 Nxd5 9. exd5 Qf6 10. 0-0 Qg6 11. Nf3 Re8 12. Nh4 Qf6 13. Qg4 d6 14. Qg3 g6 15. Bg5 Qg7 16. Rae1 h6 17. Bf4 g5 18. Bxe5 dxe5 19. Nf3 Bd6 20. d4 e4 21. Ne5 Bxe5 22. dxe5 Qxe5 23. Qb3 b6 24. Qa4 a5 25. Rxe4 Qxe4 26. Qc6 Ba6 27. f3 Qe3+ 28. Rf2 Qe1+ 29. Rf1 Qxf1# 0-1

[Event "Oberfranken-ch U14"]
[Site "Schney"]
[Date "2017.01.03"]
[Round "2.7"]
[White "Wagner, Elias"]
[Black "Neef Steffens, Lucia"]
[Result "0-1"]
[WhiteElo "1015"]
[BlackElo "790"]
[PlyCount "114"]
[EventDate "2017.01.03"]
[EventType "swiss"]
[EventRounds "7"]
[EventCountry "GER"]
[SourceTitle "EXT 2024"]
[Source "ChessBase"]
[SourceDate "2023.10.10"]
[SourceVersion "1"]
[SourceVersionDate "2023.10.10"]
[SourceQuality "1"]

1. e4 e5 2. Nf3 Nf6 3. Nc3 Bc5 4. h3 Nc6 5. Bc4 d6 6. d3 0-0 7. Be3 Bb4 8. a3 Bxc3+ 9. bxc3 d5 10. Bb5 d4 11. Bxc6 dxe3 12. Bd5 Nxd5 13. 0-0 Nxc3 14. Qe1 e2 15. Qxc3 exf1Q+ 16. Kxf1 Qd6 17. Nxe5 Qf6 18. Qxc7 Re8 19. d4 h6 20. Rb1 b6 21. Qc6 Ba6+ 22. Kg1 Qe7 23. a4 Rac8 24. Qd5 Red8 25. Qa2 Rxd4 26. Nd3 Bc4 27. Qb2 Rxe4 28. f3 Re2 29. Nf4 Re1+ 30. Rxe1 Qxe1+ 31. Kh2 Ba6 32. Nh5 f6 33. Qb3+ Kh8 34. Qf7 Qe5+ 35. f4 Qc7 36. Qg6 Kg8 37. Nxf6+ Kf8 38. Nh7+ Kg8 39. Nf6+ Kf8 40. Nh7+ Ke7 41. Qxg7+ Kd8 42. Qd4+ Qd7 43. Qf6+ Kc7 44. Qe5+ Qd6 45. Qg7+ Kb8 46. Kg3 Rc7 47. Qg8+ Bc8 48. c3 Rxc3+ 49. Kh4 Qxf4+ 50. Kh5 Rc5+ 51. Kg6 Qg3+ 52. Kf7 Qd6 53. Nf6 Rc7+ 54. Kg6 Qg3+ 55. Kxh6 Qh4+ 56. Nh5 Qe4 57. Nf6 Qh4+ 0-1